Quizzes
Events
Quiz Creation
Community
Videos
Private Events
Remove Ads
Sign In
Join for FREE
Feedback
Dark Mode
Quiz Categories
Sports
Geography
Music
Movies
Television
Just For Fun
Miscellaneous
History
Literature
Language
Science
Gaming
Entertainment
Religion
Holiday
For Kids
Quiz Lab
Recent
Popular Today
Quiz Kudos Today
Editor Picks
Curator Picks
Quizzes by...
Day
Popularity
Type
Ratings
Length
Year
Community
Subscriptions
Recent Discussions
Orange Saloon
Badges
Playlists
Quests
Create
Leaderboards
Showdown
Live 5
Trivia Bingo
Activity
Puzzle Library
Sporcle Events
Private Events
Virtual Trivia
Globe League
Become a Host
Pub Owners
SporcleCon
Opinionation
Our Games
Videos
Blog
Mobile Apps
Partnerships
Remove Ads and Go Orange
Feedback
Sports
Athletes
MLB
NBA
NHL
NFL
Soccer
Sports Teams
WWE
NCAA
Football
Premier League
Basketball
Baseball
Hockey
Golf
Tennis
Cricket
Rugby
Auto Racing
Olympics
World Cup
Sports
Athletes
MLB
NBA
NHL
NFL
Soccer
Sports Teams
WWE
NCAA
Football
Premier League
Basketball
Baseball
Hockey
Golf
Tennis
Cricket
Rugby
Auto Racing
Olympics
World Cup
Random Quiz
Search Sporcle
×
Quiz Lab
Quiz Lab
Sports
World Cup
Type in answers that appear in a list
Type in answers that appear in a list
Classic
Best Score? Go Orange.
USMNT Goals in Multiple WC-Qualifying Cycles Stats
Can you name the USMNT Players Who Scored in Multiple WC-Qualifying Cycles
By
Wshntnls
5m
25 Questions
141 Plays
141 Plays
141 Plays
Comments
Comments
Give Quiz Kudos
Give Quiz Kudos
-
- Ratings
hide this ad
More Info
Replay
Link that replays current quiz
Next Quiz
Link to next quiz in quiz playlist
You Got
0%
They Got
Avg Score
49%
Avg Friend Score
Upgrade to see
Score Distribution
Jump to the score distribution portion of the page
Score
0/25
Timer
05:00
0
Plays Today
Cycles & Goals
Player
% Correct
'10, '14 & '18 -
17 goals
Clint Dempsey
100%
'18 & '22 -
12 goals
Christian Pulisic
100%
'06, '10 & '14 -
12 goals
Landon Donovan
98.6%
'10, '14 & '18 -
18 goals
Jozy Altidore
96.5%
'98, '02 & '06 -
10 goals
Brian McBride
84.4%
'10 & '18 -
7 goals
Michael Bradley
83.2%
'06 & '10 -
3 goals
DeMarcus Beasley
80.9%
'06, '10 & '14 -
12 goals
Eddie Johnson
75.2%
'98, '02 & '06 -
3 goals
Cobi Jones
71.6%
'18 & '22 -
2 goals
Paul Arriola
71.4%
'06, '10 & '14 -
5 goals
Carlos Bocanegra
64.5%
'18 & '22 -
2 goals
Sebastian Lletget
62.1%
'98 & '02 -
9 goals
Earnie Stewart
61.7%
Cycles & Goals
Player
% Correct
'98 & '02 -
5 goals
Joe-Max Moore
58.9%
'90, '98 & '02 -
3 goals
Tab Ramos
58.9%
'98 & '02 -
3 goals
Eddie Pope
48.2%
'06 & '10 -
6 goals
Brian Ching
46.8%
'06 & '10 -
3 goals
Eddie Lewis
46.1%
'14 & '18 -
2 goals
Graham Zusi
40.9%
'98 & '10 -
2 goals
Frankie Hejduk
39%
'86 & '90 -
2 goals
Paul Caligiuri
36.2%
'70 & '74 -
6 goals
Willy Roy
12.8%
'58 & '66 -
4 goals
Ed Murphy
9.9%
'54 & '58 -
2 goals
Ruben Mendoza
2.1%
'62 & '66 -
2 goals
Helmut Bicek
0.7%
Quiz Playlist
Details
Report
Send in Message
Add To Playlist
More Info:
Through 2026 cycle
Classic:
Type in answers that appear in a list
Last Updated: Mar 30, 2022
Quiz Scoreboard
CHALLENGE
Sign Up to Join the Scoreboard
Show All
Scores
Hide
Comments
May contain spoilers
Recently Published
An Introduction to Baseball
by treessimontrees
Sports
5m
Movies - When Are They Set?
by FPL_Elf
Movies
5m
Popular People in 1961
by mucciniale
History
6m
More to Explore
Quiz From the Vault
Featured Blog Post
Where Did the Easter Bunny Come From?
hide this ad
You Might Also Like...
Tags
World Cup Quiz
concacaf
CONCACAF National
Qualifying
USA Soccer
usmnt
Today's Top Quizzes in Sports
Browse Sports
hide this ad
Today's Top Quizzes in World Cup
Browse World Cup
Top Contributed Quizzes in Sports
1
Les meilleurs buteurs des matchs entre le PSG et l’OM
2
2022 World Cup Stars
3
FIFA Club World Cup Champions
4
Les entraîneurs de l'OM et du PSG au 21e siècle
5
Name the Premier League winners with different clubs
6
La finale Lions - Afrique du Sud 2021
7
England Test cricketers to play under Nasser Hussain
8
5-to-1: UK Sports Teams
9
Les joueurs passés par le LOSC et le RC Lens
10
Criteria MLB: Left Handed Sluggers
Explore More
Trending Topics
Anime
Harry Potter
Marvel
NBA
Disney
Crossword
Kpop
Country
Pokémon
Puzzle
The Office
Soccer
NFL
Song
WWE
hide this ad
More By:
Wshntnls
Quiz
Plays
Rating
Category
Featured
Created
USMNT World Cup-Qualifier Goals All-Time
675
4.86
Sports
Jun 11, 2012
US Women's World Cup All-Time Goal Scorers (USWNT)
1,440
5.00
Sports
Jun 11, 2019
US Men's Soccer Gold Cup Scorers - All-Time
1,242
4.71
Sports
Jul 7, 2015
US Men's Soccer Players with 50+ Caps (Thru Mar '24)
993
4.50
Sports
Sep 25, 2010
Who Eliminated the US from World Cup-Title Contention?
971
4.67
Sports
Jul 4, 2014
Christian Pulisic's USMNT Teammates
915
5.00
Sports
Oct 9, 2017
Go to Creator's Profile
Score Distribution
Quiz Creator Spotlight
Wshntnls
Follow
Send a Message
Quizzes Created
-
Created Quiz Play Count
-
More By This Creator
Popular Quizzes Today
1
Find the Countries of Europe - No Outlines Minefield
2
Find the US States - No Outlines Minefield
3
The Countries of the World
4
Popular People in 1961
5
Find the US States
6
US States
7
1-10 Letter E Words III
8
Risky Map Clicking: Biggest States A-Z
More Sports Quizzes
NFL 2019 All-Pro Team (PFF)
Quiz Lab
Trending Quizzes
Risky Map Clicking: Least Populous States A-Z
1-10 Letter F Words
1-10 Letter G Words
Not Quite an Element Typing Challenge
One Thing in Common: United Kingdom
Recently Updated
Leaping Animals
pecheneg
Reality TV Shows (A-Z)
bhenderson79
Rickey Henderson's Hall of Fame Teammates
pecheneg
Champions League XIs: Arsenal
pecheneg
Quick Pick: Celebrities in WWE's Hall of Fame
aduchscher
A-Z Keypad Blitz II
pecheneg
Multiple Oscar Actors
pecheneg
Mystery Phrase Blitz: Oscar 'Best Actors'
pecheneg
F. Scott Fitzgerald Novels
LTH
Pick 3 Villains
ddd62291
Trending Topics
Marvel
Anime
Disney
Crossword
Harry Potter
Kpop
NBA
Pokémon
NFL
Soccer
The Office
Country
Song
Puzzle
WWE
Your Account Isn't Verified!
In order to create a playlist on Sporcle, you need to verify the email address you used during registration. Go to your
Sporcle Settings
to finish the process.
Report this User
Report this user for behavior that violates our
Community Guidelines
.
Details:
Send Report
Go to the Sporcle.com Mobile Site →
Comments